000
00265nam a22001217a 4500
008
170203b xxu||||| |||| 00| 0 srb d
041
_a
srb
080
_a
61
100
_a
3
101
_a
SHM
245
_a
URGENTINA ENDOKRINOLOGJIA
_c
SLIJEPCEVIC, D
942
_2
udc
_c
BK
999
_c
4551
_d
4551